| 000 | 00467nam a22001337a 4500 | ||
|---|---|---|---|
| 040 | _cNUST | ||
| 082 | _a220 PRO | ||
| 100 |
_aARSLAN SAIF HIRA SOHAIL M WAJIH HAIDER MUHAMMAD AHSAN KHAN _996502 |
||
| 110 |
_aPROJECT SUPERVISOR: DR..USMAN.AKRAM DR..SAJID.GUL.KHAWAJA DR..SHOAB.AHMED.KHAN _996503 |
||
| 245 | _aPR-SOF-2101-Cloud Based AI Grader for Radiologists | ||
| 260 |
_aISLAMABAD: _bNUST COLLEGE OF EME, _c2022. |
||
| 650 |
_aDE-COMP-40 _996496 |
||
| 942 |
_2ddc _cPR |
||
| 999 |
_c590774 _d590774 |
||